One Piece - Personnage de A-Z - Statistiques

Statistiques générales
  • Ce quiz a été pris 1 148 fois
  • Le résultat moyen est 16 sur 26
Statistiques - réponses
Hint Réponse % Correct
L Laboon|Laffitte|Lao G|Leo|Lilith|Lindbergh|Little Oars Jr|Loki|Lucky Roux|Law|Luffy
96%
Z Zoro|Zala|Zeff|Zeo|Zunesh
88%
N Norland|Nami|Napoléon|Nekomamushi|Nojiko|Nyon|Olvia|Onigumo|Onimaru|Otohime|Oars
86%
S Sabo|Sadi|SaiSakazuki|Sheperhed Ju Peter|Salome|Sanjuan Wolf|Sarquiss|Sasaki|Sengoku|Senor Pink|Sentomaru|Shaka|Shanks|Shiliew|Shiki|Shinobu|Shirahoshi|Stussy|Sanji
84%
A Absalom|Aladdin|Alber|Alvida|Aramaki|Arlong|Ashura Doji|Atlas|Ace|Apoo
82%
B Barbe Rose|Babe|Babanuki|Baby 5|Bacura|Baggy|Bankina|Bartholomew Kuma|Bartolomeo|Basil Hawkins|Bastille|Belmer|Belladonna|Bellamy|BeloBetty|BenBeckman|Bentham|Bepo|BigPan|BlackMaria|Blamenco|Blenheim|Blondie|BlueGilly|Bluegrass|Bluejam|Blueno|Blumarine|Boa Hancock|BoaMarigold|BoaSandersonia|Bobbin|BobbyFunk|Bogart|Boo|Borsalino|Braham|Brannew|Brook|Brogy|Buffalo
81%
K Kaido|Kaku|Kalifa|Kamakiri|Karasu|Karsee|Kawamatsu|Kaya|Kiku|Killer|Kinemon|Kiwi|Koala|Koby|Kong|Kokoro|Krieg|Kumadori|Kureha|Kuro|Kurozumi Kanjuro|Kuzan|Kyros
74%
C Cabaji|Camie|Capone Bege|Caramel|Caribou|Carrot|Carotte|Catarina Devon|César Clown|Chaka|Charlos|Chiffon|Cracker|Chimney|Chinjao|Chouchou|Clover|Conis|Conney|Corgi|Coribou|Crocodile|Crocus|Curiel
70%
D Dagama|Dalmatian|Dalton|Daruma|Daz Bones|Dellinger|Demalo Black|Denjiro|Diamante|Disco|Doberman|Doc Q|Doll|Domino|Doflamingo|Dorry|Drophy|Duval
68%
F Fisher Tiger|Fossa|Franky|Fukaboshi|Fukuro|Fukurokuju|Fullbody|Funkfreed|Fuza
66%
U Ulti|Urouge|Usopp|Uta
65%
J Jabura|Jack|Jango|Jean Bart|Jeet|Jesus Burgess|Jewelry Bonney|Jinbei|Jigoro|John|Jora|Joz|Jaygarcia Saturn
64%
M Moria|Machvise|Magellan|Makino|Mansherry|Marco|Marguerite|Merry|Mikita|Minokoala|Minorhinocéros|Minozebra|Minotaurus|Monet|Morgan|Morge|Morley|Momonosuke|Marcus Mars
62%
E Edward Newgate|Elizabello II|Ener|Ethanbaron Nusjuro
60%
T Toki|Tama Teach|Topman Warcury|T-Bone|Tamago|Tashigi|Thatch|Toko|Tom|Trébol|Tsuru
59%
V Vivi|Van Augur|Vander Decken IX|Vegapunk|Vergo|Viola|Vista
58%
Y Yamato|Yasopp|York
53%
X Xebec|X Drake
52%
G Gaimon|Galdino|Gan Forr|Gatz|Gecko Moria|Gedatsu|Gem|Genzo|Gimlett|Gin|Ginney|Gion|Gladius|Gomorrhe|Guernica
50%
P Pagaya|Page One|Pandaman|Pappug|Paulie|Pedro|Pekoms|Pell|Perona|Pica|Pierre|Pound|Prométhée|Pythagoras
50%
O Oden|Orochi|Octo|Ohm|Oimo|Olvia|Onigumo|Onimaru|Otohime|Oars
47%
R Raleigh|Raizo|Rebecca|Rika|Riku Doldo|Rindo|Rob Lucci|Rockstar|Russian|Rosward|Ryuma
47%
H Hache d'Argent|Hack|Haguar D. Sauro|Hajrudin|Ham Burger|Hannyabal|Hattori|Héra|Heracles|Hiyori|Hermep|Hibari|Higuma|Hiluluk|Hina|Hody Jones|Hogback|Hyogoro|Hyouzou
46%
Q Queen|Queen Mama Chanter|Quincy
43%
I Iceburg|Ideo|Igaram|Inazuma|Inuarashi|Issho|Izou
41%
W Wadatsumi|Wanda|WapolWhitey Bay|Wiper
25%
Aucun quiz correspondant
Distribution des résultats
% des personnes avec chaque résultat
Percentile par nombre de réponses
Votre historique - résultats
Vous n’avez pas pris ce quiz